| 000 | 01735nam a2200421 a 4500 | ||
|---|---|---|---|
| 001 | ebr10722688 | ||
| 003 | CaPaEBR | ||
| 006 | m o u | ||
| 007 | cr cn||||||||| | ||
| 008 | 040607s2004 waub sb 001 0 eng d | ||
| 010 | _z 2004013607 | ||
| 020 | _z0295984465 (hardback : alk. paper) | ||
| 020 | _z0295984473 (pbk. : alk. paper) | ||
| 020 | _z9780295984476 | ||
| 020 | _z9780295803494 (e-book) | ||
| 040 |
_aCaPaEBR _cCaPaEBR |
||
| 035 | _a(OCoLC)849928753 | ||
| 043 | _aa-kz--- | ||
| 050 | 1 | 4 |
_aDK907 _b.S34 2004eb |
| 082 | 0 | 4 |
_a306.2/095845 _222 |
| 100 | 1 | _aSchatz, Edward. | |
| 245 | 1 | 0 |
_aModern clan politics _h[electronic resource] : _bthe power of "blood" in Kazakhstan and beyond / _cEdward Schatz. |
| 260 |
_aSeattle, Wash. : _bUniversity of Washington Press, _cc2004. |
||
| 300 |
_axiii, 250 p. : _bmap. |
||
| 440 | 0 | _aJackson School publications in international studies | |
| 504 | _aIncludes bibliographical references (p. 223-243) and index. | ||
| 505 | 0 | _apt. 1. The reproduction of clans -- pt. 2. The political dynamic of informal ties -- pt. 3. Managing clans. | |
| 533 |
_aElectronic reproduction. _bPalo Alto, Calif. : _cebrary, _d2013. _nAvailable via World Wide Web. _nAccess may be limited to ebrary affiliated libraries. |
||
| 650 | 0 |
_aEthnology _zKazakhstan. |
|
| 650 | 0 |
_aKinship _zKazakhstan. |
|
| 650 | 0 |
_aClans _zKazakhstan. |
|
| 650 | 0 |
_aPolitics and culture _zKazakhstan. |
|
| 651 | 0 |
_aKazakhstan _xEthnic relations. |
|
| 651 | 0 |
_aKazakhstan _xPolitics and government. |
|
| 655 | 7 |
_aElectronic books. _2local |
|
| 710 | 2 | _aebrary, Inc. | |
| 856 | 4 | 0 |
_uhttp://site.ebrary.com/lib/rucke/Doc?id=10722688 _zAn electronic book accessible through the World Wide Web; click to view |
| 999 |
_c39427 _d39427 |
||